000 01141cam a2200301 a 4500
001 1561339
003 OSt
005 20251008154816.0
008 921103s1994 enka b 001 0 eng
010 _a 92036214
020 _a0521443164 (hardback)
040 _cmust
043 _ad------
050 0 0 _aHC59.7
_b.A734 1994
082 0 0 _a338.2 MIT 1994
_220
100 _aEdited by Pradeep K. Mitra.
_919434
245 0 0 _aAdjustment in Oil-importing Developing Countries:
_ba comparative economic analysis
260 _bCambridge University Press,
_c1994.
300 _axiv, 321 p. :
_bill. ;
_c24 cm.
504 _aBibliographical references, & index included
650 0 _aStructural adjustment
_918472
650 0 _aPetroleum products
_918473
856 4 2 _3Publisher description
_uhttp://www.loc.gov/catdir/description/cam025/92036214.html
856 4 1 _3Table of contents
_uhttp://www.loc.gov/catdir/toc/cam028/92036214.html
906 _a7
_bcbc
_corignew
_d1
_eocip
_f19
_gy-gencatlg
942 _2ddc
_cO_SHELF
999 _c9079
_d9079